000 00436nab a2200145Ia 4500
003 ES-SlBCS
005 20210601133829.0
008 140529s1999 xxu||||| |||| 00| 0 por d
041 _apor
100 1 _aMacedo, Ubiratan Borges de
_9205591
245 0 2 _aA ética do futuro
_c Ubiratan Borges de Macedo
650 0 4 _aÉtica Mundial
_9128338
773 0 _tPresença Filosofica
_gvol. 23, nº. 1-2, 1999, págs. 12-28
_wRev966
942 _cAR
999 _c602801
_d602801